00728nam a2200217Ii 45000010005000000030009000050080041000140400033000550410008000880820017000961000026001132450021001392640053001603000012002133360026002253370028002513380027002799400050003069990017003569520137003732447CO-ViMGA241108s9999||||xx |||||||||||||| ||und|| aCO-ViMGAbspaerdacCO-ViMGA0 aspa04a813.5 - S73s1 aDanielle Steel94593910aSu Gran Pasión 1aBogotá, Colombia : Círculo de Lectores, 1982 avolumen atextbtxt2rdacontent aunmediatedbn2rdamedia avolumebnc2rdacarrier aidficha_siabuc: 2399. -- ficha_no_siabuc:2447 c40480d40480 001040708001aMEVIGERRbMEVIGERRcGENd2006-06-29o813.5 - S73spECA16877r2024-11-26 08:55:18tEj.1w2024-11-26yBKz2399 | 2852